Post-compulsory education for disable people
Gorde:
| Egile korporatiboa: | , |
|---|---|
| Formatua: | Liburua |
| Hizkuntza: | ingelesa |
| Argitaratua: |
París
OECD
1997
|
| Gaiak: | |
| Etiketak: |
Etiketa erantsi
Etiketarik gabe, Izan zaitez lehena erregistro honi etiketa jartzen!
|
MARC
| LEADER | 00000nam a2200000 a 4500 | ||
|---|---|---|---|
| 001 | UCH2860 | ||
| 003 | CL-VaPUC | ||
| 008 | 090702e19970000FR |||||||||||||||||eng|d | ||
| 020 | |a 9264156011 | ||
| 082 | 0 | 4 | |a 371.93 |b CEN |2 21 |
| 110 | 2 | |a Centre for Educational Research and Innovation |e author |9 537917 | |
| 710 | 2 | |a CERI |e author |9 537918 | |
| 245 | 1 | 0 | |a Post-compulsory education for disable people |
| 300 | |a 88 p | ||
| 942 | |c BK | ||
| 945 | |d 20090702 00:00:00 |a rbrito | ||
| 260 | |a París |b OECD |c 1997 | ||
| 650 | 0 | |a Integración escolar |9 312238 | |
| 650 | 7 | |a NIÑOS SOCIALMENTE DESFAVORECIDOS |2 CL-VaPUC |9 323883 | |
| 650 | 7 | |a DESFAVORECIDOS SOCIALES |2 CL-VaPUC |9 321791 | |
| 583 | |a last modification |c 20090702 00:00:00 |k Rodrigo Vera | ||
| 999 | |c 334531 |d 334529 | ||
| 952 | |0 0 |1 0 |4 0 |6 371_930000000000000_CEN_1997 |7 0 |8 A |9 423624 |a BIBGIM |b BIBGIM |d 2019-11-22 |i 4569512 |o 371.93 CEN 1997 |p 4569512 |r 2025-01-15 |w 2019-11-22 |y BK |k GIM | ||